000 01074nam a2200325Ia 4500
001 Z_5070
003 CHAP
008 220113s2004 xx 000 0 und d
010 _a168127
040 _cCHAP
090 _aTesis V 1783
100 _aVázquez Torres, Rodrigo
_9120533
245 _aComposta de cerdaza y fertilización nitrogénada sobre la producción y composición de forraje de avena y ballico anual en pastoreo /
_cpor Rodrigo Vázquez Torres y Salvador Juárez Gurrola
260 _aChapingo, Méx. :
_bEl autor,
_c2004
300 _a75 h.
502 _aTesis (Ing. Agr. Esp. en Zootecnia) -- UACH. Departamento de Zootecnia
650 _aAvena como forraje
_98556
650 _aAvena
_xRendimiento
_98539
650 _aCompost
_926105
650 _aFertilizantes nitrogenados
_940596
650 _aFertilizantes
_xEfecto en avena
_940480
650 _aLolium multiflorum
_967504
700 _aJuárez Gurrola, Salvador
_962419
901 _aTESIS V 1783
902 _aM
910 _a2004
942 _c2
942 _c2
999 _c168127
_d168127